00735nem a2200205 u 450000500170000000800410001704000250005804100080008304400080009111000430009924501070014225500140024926000510026330000360031465000420035065000390039265000380043165000400046965100200050920160517114324.0160517b1993 u ||||| |a|| 00| 0 spa d aCO-BoIAVHcCO-BoIAVH aeng axxu1 aUnited StatesbDefense Mapping Agency.1 aBarbacoas :bColombiacprepared and published by the Defense Mapping Agency.h[Material Cartografico]/ a1:100,000 aEstados Unidos:bDefense Mapping Agency,c1993 a1 mapa :bcolor. ;c 60 x 76 cm16aAreas urbanas zBarbacoas (Colombia)16aAgriculturazBarbacoas (Colombia)16aMontañaszBarbacoas (Colombia)16aHidrografíazBarbacoas (Colombia aColombiav Maps